00642nam a2200169Ia 4500999001700000082001800017100002200035245012500057260005200182300001300234504001900247650002300266650003300289650002400322942000700346952011900353 c16621d16621 a923.254 SUB-M aSubramanyam, C.S; 0aM.P.T. Acharya:his life and times:revolutionary trends in the early anti-imperialist movements in South India and Abroad aMadrasbInstitute of South Indian Studiesc1995 av, 309p. aIncludes index aSocialists - India aArcharya, M.P.T. - Biography aPoliticians - India cBK 00104070aNASSDOCbNASSDOCd2004-06-08i2004-10-05l0o923.254 SUB-Mp38417r2019-04-18 00:00:00w2019-04-18yBK